| 000 | 00478nam a2200169Ia 4500 | ||
|---|---|---|---|
| 008 | 230917s9999||||xx |||||||||||||| ||und|| | ||
| 020 | _cGBP49.99 | ||
| 040 |
_e229819 _aMAIN |
||
| 041 | _aEnglish | ||
| 082 | _a515.35 D656A | ||
| 100 | _aDobrushkin, Vladimar A | ||
| 245 | 0 | _aApplied differential equations: The primary course | |
| 260 |
_aBoca Roton _bCRC Press _c2015 |
||
| 300 | _axvi, 715 p. | ||
| 500 | _a2261 21/01/2016 UBC15/7426 21/01/2016 Main Budget | ||
| 942 | _cBK | ||
| 999 |
_c17470 _d17470 |
||